Normal view
MARC view
Entry Topical Term
001 - CONTROL NUMBER
- control field: 52503
003 - CONTROL NUMBER IDENTIFIER
- control field: dpl
005 - DATE AND TIME OF LATEST TRANSACTION
- control field: 20120920162710.0
008 - FIXED-LENGTH DATA ELEMENTS
- fixed length control field: 120920|||a|||||| | ||| d
040 ## - CATALOGING SOURCE
- Original cataloging agency: dpl
- Transcribing agency: dpl
150 ## - HEADING--TOPICAL TERM
- Topical term or geographic name as entry element: Indic fiction
- Chronological subdivision: 20th century
- General subdivision: Translations into English.
670 ## - SOURCE DATA FOUND
- Source citation: Work cat.: (dpl)60500: Nagarajan, Mallika 52501, The elephant in the tree /, 2010
670 ## - SOURCE DATA FOUND
- Source citation: Work cat.: (dpl)60500: Nagarajan, Mallika 52501, The elephant in the tree /, 2010
